01068nam a2200313Ia 450000500170000000800410001702000180005810000310007624500900010725000360019730000250023349000250025850000550028353400120033865000330035065000370038365000370042065000370045765000340049470000310052894200150055926400300057433600270060433700330063133800280066404000350069208400120072799900150073920220317001504.0161108s2014 s g 000 f s  a97895842416891 aMankel, Henningd1948-201510aHuesos en el JardíncHenning Mankell ; traducción del sueco de Carmen Montes Cano a1a. edición, 1a reimpresión a178 páginasc22 cm aAndanzas : Wallander aIncluye datos biográficos del autor en la solapa tHanden 142LEMBaNovela suecaySiglo XX142LEMBaLiteratura suecaySiglo XX142LEMBaNovela policiacaySiglo XX142LEMBaAsesinato en la literatura142LEMBaCrimen en la literatura1 aMontes Cano, Carmen974088 2loccBKLIT aBarcelonabTusquetsc2014 atextobtxt2rdacontent asin mediaciónbn2rdamedia avolumenbnc2rdacarrier aCO-BoRNBPbspaerdacCO-BoRNBP aN MAN16 c7130d7130